Firmy według miejscowości w Polsce #2 - Statystyki

Ogólne statystyki
  • Ten quiz został rozwiązany 22 razy
  • Średni wynik to 5 z 8
Statystyki odpowiedzi
Firma Miejscowość % Poprawnych
EnterAir Warszawa
94%
Żabka Poznań
81%
Żubrówka Białystok
63%
Cropp Gdańsk
63%
InPost Kraków
63%
Pudliszki Pudliszki
50%
Stokrotka Lublin
44%
Winiary Kalisz
31%
Nie znaleziono quizów pasujących do podanych kryteriów
Rozkład punktacji
Procent ludzi z każdym wynikiem
Percentyl według liczby udzielonych odpowiedzi
Twoja historia wyników
Nie rozwiązałeś tego quizu